Asistieron en una final de UEFA Champions League (2010 - act.) - Estadísticas

Estadísticas generales
  • Esta prueba ha sido intentada 49 veces
  • La puntuación promedio es 19 de 29
Estadísticas de respuestas
Equipo Asistente % Correcto
Real Madrid Luka Modric
100%
Real Madrid Gareth Bale
93%
Real Madrid Toni Kroos
93%
Bayern Munich Toni Kroos
93%
Barcelona Andrés Iniesta
90%
Real Madrid Dani Carvajal
88%
Real Madrid Marcelo
85%
Barcelona Xavi Hernández
85%
Real Madrid Cristiano Ronaldo
83%
PSG Ousmane Dembélé
78%
Real Madrid Jude Bellingham
76%
PSG Désiré Doué
73%
Real Madrid Federico Valverde
73%
Barcelona Sergio Busquets
71%
Barcelona Pedro Rodríguez
68%
Bayern Munich Arjen Robben
63%
Bayern Munich Frank Ribéry
61%
PSG Vitinha
61%
Atlético de Madrid Juanfran
59%
Bayern Munich Joshua Kimmich
56%
Inter de Milán Samuel Eto'o
54%
Manchester United Ryan Giggs
49%
Juventus Gonzalo Higuaín
46%
Chelsea Mason Mount
44%
Inter de Milán Wesley Sneijder
41%
PSG Bradley Barcola
34%
Liverpool Dejan Lovren
29%
Liverpool Joel Matip
29%
Chelsea Juan Mata
24%
No se encontraron pruebas coincidentes
Distribución de puntuación
Porcentaje de gente con cada puntuación
Porcentaje por número respondido
Historial de tus puntuaciones
No has intentado esta prueba.